Inflation : the critical issues (Record no. 183275)

MARC details
000 -LEADER
fixed length control field 00444nam a2200169Ia 4500
008 - FIXED-LENGTH DATA ELEMENTS--GENERAL INFORMATION
fixed length control field 140306s9999 xx 000 0 und d
020 ## - INTERNATIONAL STANDARD BOOK NUMBER
International Standard Book Number 0 7069 5693 1
041 ## - LANGUAGE CODE
Language code of text/sound track or separate title eng
082 ## - DEWEY DECIMAL CLASSIFICATION NUMBER
Classification number 332 .41
Item number RAM/IN
100 ## - MAIN ENTRY--PERSONAL NAME
Personal name Ramachandran, K S
245 ## - TITLE STATEMENT
Title Inflation : the critical issues
260 ## - PUBLICATION, DISTRIBUTION, ETC. (IMPRINT)
Place of publication, distribution, etc. New Delhi
Name of publisher, distributor, etc. Vikas Publishing House Pvt .Ltd
Date of publication, distribution, etc. 1991
300 ## - PHYSICAL DESCRIPTION
Extent 190
365 ## - TRADE PRICE
Price amount Rs .295
650 ## - SUBJECT ADDED ENTRY--TOPICAL TERM
Topical term or geographic name as entry element Financial economics
942 ## - ADDED ENTRY ELEMENTS (KOHA)
Source of classification or shelving scheme Dewey Decimal Classification
Koha item type Books (General)
Holdings
Withdrawn status Lost status Source of classification or shelving scheme Damaged status Not for loan Home library Current library Date acquired Cost, normal purchase price Total Checkouts Full call number Date last seen Price effective from Koha item type
    Dewey Decimal Classification     College of Co-operation, Banking & Management Library, Vellanikkara College of Co-operation, Banking & Management Library, Vellanikkara 03/01/2004 295.00   332 .41 RAM/IN 22/03/2014 22/03/2014 Books (General)
Kerala Agricultural University Central Library
Thrissur-(Dt.), Kerala Pin:- 680656, India
Ph : (+91)(487) 2372219
E-mail: librarian@kau.in
Website: http://library.kau.in/